000 00612nam a22002657a 4500
003 UA-OsUOA
001 28829
007 ta
008 20050510b un ||||| |||| 00| 0 ukr d
100 _aMishchenko L. A.
700 _aTurtschenko O. M.
090 _a81'255.4
_bM75
942 _cBK
040 _aUA-OsUOA
_bger
_cUA-OsUOA
_dUA-OsUOA
245 _aTheorie und Praxis des Ubersetzens
300 _a176s с.
955 _a0
041 _ager
080 _a81'255.4
020 _a966-7890-41-4
260 _aWinnyzja
_bNOWA KNYHA
_c2003
044 _aUA
650 7 _2UDC
999 _c315202
_d315202